000 00872nam a2200277Ia 4500
001 Para_8490
003 CHAP
008 220125s9999 xx 000 0 und d
010 _a207313
040 _cCHAP
082 _aPA-C 595.752 A6
100 _aHorsfall, J. L.
_9173894
245 _aThe control of plant lice on vegetables /
_c by J.L. Horsfall
260 _aCentre County :
_b The Pennsylvania State College. Agricultural Experiment station
300 _a16 p.
440 _aAphidae; 16
_9173876
500 _aEncuadernado con otros impresos similares
650 _a
_x Afididos
_x Colecciones de escritos
_x Control de insectos
_x Agricultura
_x plagas
_9173895
901 _aPA-C 595.752 A6
902 _aA
905 _a000000 0000000000 00
910 _a
942 _cPARA
942 _cPARA
_d1
999 _c207313
_d207313